Gilles Deleuze: un aprendizaje filosófico

Saved in:
Bibliografiske detaljer
Hovedforfatter: Hardt, Michael (Author)
Format: Bog
Sprog:spansk
Udgivet: Buenos Aires Paidós 2004
Udgivelse:1a. ed
Serier:Espacios del Saber, 41
Fag:
Tags: Tilføj Tag
Ingen Tags, Vær først til at tagge denne postø!

MARC

LEADER 00000nam a2200000 a 4500
001 UCL9915
003 CL-VaPUC
008 040903e20040000AG |||||||||||||||||spa|d
020 |a 9501265412 
082 0 4 |a 194  |b HAR  |2 21 
100 |a Hardt, Michael  |e author  |9 592263 
245 1 0 |a Gilles Deleuze: un aprendizaje filosófico 
250 |a 1a. ed 
300 |a 238 p 
942 |c BK 
945 |d 20040903 00:00:00  |a cmena 
260 |a Buenos Aires  |b Paidós  |c 2004 
600 0 |a Deleuze, Gilles  |9 487836 
650 0 |a Filosofía francesa   |9 255698 
650 0 |a Escuelas filosóficas   |9 266232 
650 0 |a Ontología   |9 256850 
650 7 |a FILOSOFIA POLITICA  |2 CL-VaPUC  |9 487837 
583 |a last modification  |c 20040903 00:00:00  |k Rodrigo Vera 
490 0 |a Espacios del Saber, 41 
999 |c 310531  |d 310529 
952 |0 0  |1 0  |4 0  |6 194_000000000000000_HAR_2004  |7 0  |8 A  |9 379111  |a BIBEDU  |b BIBEDU  |d 2019-11-21  |i 4048873  |l 6  |m 2  |o 194 HAR 2004  |p 4048873  |r 2024-08-22  |s 2024-07-23  |w 2019-11-21  |y BK  |k EDU